| 000 | 00886nam a22002777a 4500 | ||
|---|---|---|---|
| 003 | URS | ||
| 005 | 20260326151011.0 | ||
| 008 | 260318b |||||||| |||| 00| 0 eng d | ||
| 020 | _a9789350844502 | ||
| 040 |
_aDLC _beng _cDLC _dURS _erda |
||
| 050 | 1 | 4 |
_aG155.A1 _bT543 2014 |
| 100 | 1 | _aTiwari, Poonam Pradhan | |
| 245 |
_aBasic tourism planning and management/ _cPoonam Pradhan Tiwari.- |
||
| 250 | _afirst edition- | ||
| 264 | 1 |
_aNew Delhi: _bCentrum Press, _c2014 |
|
| 300 |
_avii, 273 pages; _c24 cm |
||
| 336 |
_2rdacontent _atext _btxt |
||
| 337 |
_2rdamedia _aunmediated _bn |
||
| 338 |
_2rdacarrier _avolume _bnc |
||
| 500 | _aIncludes index. | ||
| 501 | _aIncludes reference and bibliography. | ||
| 650 | 0 |
_aTourism _aPlanning |
|
| 650 | 0 |
_aTourism _aManagement |
|
| 650 | 0 |
_aTourism _aDevelopment |
|
| 942 |
_2lcc _cFR _efirst edition _hG155.A1 _iT543 2014 |
||
| 999 |
_c99222 _d99219 |
||